00706nam a2200241 a 4500001001300000003000900013005001700022008004100039020001000080082001800090100002200108245005000130260003600180300000900216500003500225505001000260650003900270700002200309902000800331942000700339952010100346999001700447nice12345678IN_TiNIC20260116015135.0050524s1963 bosa grp 000 0 eng  ac10000a954.0317bEMB aEmbree, Ainslee T a1857 in Indiab Mutiny Or War of Independence aBostonbD.C.Heath and Co.c1963 a101p aincludes index and biblioraphy2 aIndex aIndia-History Sepoy Rebellion-18571 aEmbree, Ainslee T bSRS cBK 00104070aHMIbHMId2007-04-04g100.00l0o954.0317 EMBp11000055r2007-04-04w2026-01-16yEB c18471d18471